00389nam a22001097a 4500082001400000245007700014260005400091300001000145942000700155999001500162952010200177 a581.6 MAK aMaking Acquatic weeds Useful: SOme Perspctives for Developing Countries/ aWashington:bNational Academy of Sciences,c1976. a175p: cBK c3783d3783 0010708NFICaICbICcGENd2016-12-04l0o581.6 MAKp002691r2022-11-17 00:00:00w2016-12-04yBK